GENERALIST SOCIAL WORK PRACTICE . AN EMPOWERING APPROACH. (Record no. 217062)

MARC details
000 -LEADER
fixed length control field 00589nam a22001937a 4500
008 - FIXED-LENGTH DATA ELEMENTS--GENERAL INFORMATION
fixed length control field 260428b |||||||| |||| 00| 0 eng d
020 ## - INTERNATIONAL STANDARD BOOK NUMBER
International Standard Book Number 978-1-29204-186-5
050 ## - LIBRARY OF CONGRESS CALL NUMBER
Classification number HV 40 .M55 2014
100 ## - MAIN ENTRY--PERSONAL NAME
Personal name MILEY, KARLA.
245 ## - TITLE STATEMENT
Title GENERALIST SOCIAL WORK PRACTICE . AN EMPOWERING APPROACH.
250 ## - EDITION STATEMENT
Edition statement 7TH
260 ## - PUBLICATION, DISTRIBUTION, ETC.
Place of publication, distribution, etc. EDINBURG GATE,
Name of publisher, distributor, etc. PEARSON EDUCATION LIMITED,
Date of publication, distribution, etc. 2014
300 ## - PHYSICAL DESCRIPTION
Extent 492 P, ILL
500 ## - GENERAL NOTE
General note INCLUDES INDEX.
650 ## - SUBJECT ADDED ENTRY
Topical term or geographic name entry element 1. SOCIAL SERVICE. 2, SOCIAL WORKERS- PROFESSIONAL PRACTICE.
700 ## - ADDED ENTRY--PERSONAL NAME
Personal name MICHAEL. O'MELIA
942 ## - ADDED ENTRY ELEMENTS (KOHA)
Source of classification or shelving scheme Library of Congress Classification
Koha item type Long Loan Book
Holdings
Withdrawn status Lost status Source of classification or shelving scheme Damaged status Not for loan Collection Home library Current library Shelving location Date acquired Inventory number Total checkouts Full call number Barcode Date last seen Copy number Price effective from Koha item type
    Library of Congress Classification     Arts & Social Sciences Kisii University Library Kisii University Library On Display 04/28/2026 113253   HV 40 .M55 2014 A001415 04/28/2026 1 04/28/2026 Long Loan Book
    Library of Congress Classification     Arts & Social Sciences Kisii University Library Kisii University Library On Display 04/28/2026 113254   HV 40 .M55 2014 A001418 04/28/2026 2 04/28/2026 Long Loan Book